Ταξινομική των φυτών και βιοσυστηματική

Αποθηκεύτηκε σε:
Λεπτομέρειες βιβλιογραφικής εγγραφής
Κύριος συγγραφέας: Stace, Clive A.
Άλλοι συγγραφείς: Οικονόμου-Αμίλλη, Αθηνά (edtf)
Μορφή: Βιβλίο
Γλώσσα:Greek
English
Δημοσίευση: Αθήνα : Κωσταράκης, 2013.
Θέματα:
Ετικέτες: Προσθήκη ετικέτας
Δεν υπάρχουν, Καταχωρήστε ετικέτα πρώτοι!

MARC

LEADER 00000nam a2200000 a 4500
001 1/106957
008 150615s2013####gr ad ||| |||| ||gre||
020 |a 9786188091313  
040 |a GR-MyUa  |b gre  |c GR-MyUa  |e AACR2 
041 1 |a gre  |h eng 
082 7 |a 580   |2 (23)  
100 1 |a Stace, Clive A. 
245 1 0 |a Ταξινομική των φυτών και βιοσυστηματική /   |c Clive A. Stace ; επιμέλεια ελληνικής έκδοσης και μετάφρασης: Αθηνά Οικονόμου-Αμίλλη; απόδοση στην ελληνική γλώσσα: Ευαγγελία Καψανάκη ... [κ. α.]  
260 |a Αθήνα :   |b Κωσταράκης,   |c 2013.  
300 |a 358 σ. :   |b εικ. ;   |c 2013.  
504 |a Περιλαμβάνει βιβλιογραφία.  
650 0 |a Plants  |x Classification. 
700 1 |a Οικονόμου-Αμίλλη, Αθηνά,  |e edtf 
852 |a INST  |b LESVOS  |c EUDOXUS  |e 20150615  |h 580 STA  |p 005100056972  |q 005100056972  |t EDX  |y 0 
920 |a Εύδοξος  |b Παραγγελία  |y Λέσβος-ΤΠ  |z 2015-04 
970 |a Τζαφέρη  |b Ευαγγελία  |z 15-06-2015